|
|
|
|
| LEADER |
00000naa2a2200000 4500 |
| 001 |
49929 |
| 005 |
20231031032708.0 |
| 035 |
|
|
|a (RuTPU)RU\TPU\book\52272
|
| 035 |
|
|
|a RU\TPU\tpu\10508
|
| 090 |
|
|
|a 49929
|
| 100 |
|
|
|a 20030408d1999 k y0rusy50 ca
|
| 101 |
0 |
|
|a rus
|
| 102 |
|
|
|a RU
|
| 200 |
1 |
|
|a Использование гипермедиа для создания методического сопровождения лабораторных работ по курсу "информатика"
|f В. Б. Немировский, А. К. Стоянов
|
| 463 |
|
1 |
|0 (RuTPU)RU\TPU\book\9321
|t Образовательные технологии: состояние и перспективы
|o труды научно-методической конференции, 2-4 февраля 1999 г
|o Секция 2. Образовательные технологии. Гуманитарные и социально-экономические дисциплины. подсекция 4. Проблемы совершенствования языковой подготовки в Томском политехническом университете
|f ТПУ
|v С. 112-113.
|d 1999
|p 178с
|
| 610 |
1 |
|
|a труды учёных ТПУ
|
| 675 |
|
|
|a 62(063)
|v 3
|
| 686 |
|
|
|a Ч48
|2 rubbk
|
| 700 |
|
1 |
|a Немировский
|b В. Б.
|c специалист в области информатики и вычислительной техники
|c доцент Томского политехнического университета, кандидат физико-математических наук
|f 1945-
|g Виктор Борисович
|2 stltpush
|3 (RuTPU)RU\TPU\pers\25737
|
| 701 |
|
1 |
|a Стоянов
|b А. К.
|c специалист в области информатики и вычислительной техники
|c доцент Томского политехнического университета, кандидат технических наук
|c писатель
|f 1946-
|g Александр Кириллович
|2 stltpush
|3 (RuTPU)RU\TPU\pers\13179
|
| 801 |
|
1 |
|a RU
|b 63413507
|c 20021121
|g PSBO
|
| 801 |
|
2 |
|a RU
|b 63413507
|c 20151215
|g PSBO
|
| 942 |
|
|
|c BK
|